opac-header

Archaic and the exotic: (Record no. 67862)

MARC details
000 -LEADER
fixed length control field 00528nam a2200169 4500
008 - FIXED-LENGTH DATA ELEMENTS--GENERAL INFORMATION
fixed length control field 260306b |||||||| |||| 00| 0 eng d
020 ## - INTERNATIONAL STANDARD BOOK NUMBER
International Standard Book Number 81-7304-571-2
040 ## - CATALOGING SOURCE
Original cataloging agency National Science Library
Transcribing agency National Science Library
080 ## - UNIVERSAL DECIMAL CLASSIFICATION NUMBER
Universal Decimal Classification number 7.038.4 SAR
Item number P8
245 ## - TITLE STATEMENT
Title Archaic and the exotic:
Remainder of title Studies in the history of Indian astronomical instruments
260 ## - PUBLICATION, DISTRIBUTION, ETC.
Place of publication, distribution, etc. New Delhi:
Name of publisher, distributor, etc. Manohar Publishers & Distributors,
Date of publication, distribution, etc. 2008
300 ## - PHYSICAL DESCRIPTION
Extent 319p.
365 ## - TRADE PRICE
Price amount 795.00
650 ## - SUBJECT ADDED ENTRY--TOPICAL TERM
Topical term or geographic name entry element History
942 ## - ADDED ENTRY ELEMENTS (KOHA)
Source of classification or shelving scheme Universal Decimal Classification
Koha item type Books
Holdings
Withdrawn status Lost status Source of classification or shelving scheme Damaged status Not for loan Home library Current library Shelving location Date acquired Total Checkouts Full call number Barcode Date last seen Price effective from Koha item type
    Universal Decimal Classification     National Science Library National Science Library GF/Rk-6/C-22/R-2 11/03/2025   7.038.4 SAR. P8 291148 06/03/2026 11/03/2025 Books